| 000 | 01240cam a22003014a 4500 | ||
|---|---|---|---|
| 001 | 11927481 | ||
| 003 | ARRUPE | ||
| 005 | 20150106020006.0 | ||
| 008 | 000302s2001 enk b 001 0 eng | ||
| 010 | _a 00023609 | ||
| 020 | _a0521790980 (hbk.) | ||
| 020 | _a052179434X (pbk.) | ||
| 040 |
_aDLC _cDLC _dDLC |
||
| 042 | _apcc | ||
| 050 | 0 | 0 |
_aQA9.4 _b.P75 2001 |
| 082 | 0 | 0 |
_a511.3 _221 |
| 100 | 1 |
_aPriest, Graham. _911406 |
|
| 245 | 1 | 3 |
_aAn introduction to non-classical logic / _cGraham Priest. |
| 260 |
_aCambridge ; _aNew York : _bCambridge University Press, _c2001. |
||
| 300 |
_axxi, 242 p. ; _c24 cm. |
||
| 504 | _aIncludes bibliographical references (p. [231]-236) and indexes. | ||
| 650 | 0 |
_aNonclassical mathematical logic. _911407 |
|
| 856 | 4 | 2 |
_3Publisher description _uhttp://www.loc.gov/catdir/description/cam021/00023609.html |
| 856 | 4 | 1 |
_3Table of contents _uhttp://www.loc.gov/catdir/toc/cam023/00023609.html |
| 906 |
_a7 _bcbc _corignew _d1 _eocip _f20 _gy-gencatlg |
||
| 942 |
_2lcc _cMONOGRAPH _01 |
||
| 999 |
_c120880 _d120880 |
||